00376nam a22001337a 450000500170000000800410001704100130005808200130007110000120008424500400009626000550013630000250019165000260021620240711082620.0240710b |||||||| |||| 00| 0 eng d aEnglish  a349 PRE  lEnglish aPrentice Hall Weekly Legal Reports  aDurban: bPrentice Hall Services (Pty) Ltd, c1964 b215 pages; c26 cm.  aLegal practice bLaw